000 00815nam a2200253Ia 4500
003 OSt
005 20220927110653.0
006 a|||||r|||| 00| 0
007 ta
008 220926b |||||||| |||| 00| 0 eng d
024 _a116250
037 _cReports
040 _aRTL
_cRTL
_beng
041 _2eng
_aeng
082 _a"LB.2.N46t, H8.1-H8.2/GD"
110 _a"India, Indigenous Systems of Medicine (Committee on-) (Chairman : R N Chopra) (1946)"
_9379694
245 0 _aReport
260 _aDelhi
_bManagar of Publication India
_c1946
490 _vV1
650 _aMedicine
700 _a"India, Indigenous Systems of Medicine (Committee on-) (Chairman : R N Chopra) (1946)"
_9379695
942 _h"LB.2.N46t, H8.1-H8.2/GD"
_cCC
999 _c697585
_d697585